000 00314nam a2200133Ia 4500
005 20260328104251.0
008 260328s9999||||xx |||||||||||||| ||und||
100 _aWundram, Manfred
245 0 _aAndrea Palladio /
_cManfred Wundram
260 _bTaschen
300 _a96 p.
650 _aARQUITECTOS
942 _cBK
999 _c10231
_d10231